La universidad brasileña (Record no. 78713)

MARC details
000 -CABECERA
campo de control de longitud fija 00655nam a2200253 a 4500
005 - FECHA Y HORA DE LA ÚLTIMA TRANSACCIÓN
campo de control 20230331130740.0
008 - ELEMENTOS DE LONGITUD FIJA--INFORMACIÓN GENERAL
campo de control de longitud fija 991125n 000 0 spa u
035 ## - NÚMERO DE CONTROL DEL SISTEMA
Número de control de sistema UPN01000103748
040 ## - FUENTE DE LA CATALOGACIÓN
Centro catalogador/agencia de origen UPN
Lengua de catalogación spa
Centro/agencia transcriptor UPN
100 1# - ASIENTO PRINCIPAL--NOMBRE PERSONAL
Nombre de persona Marini, Ruy Mauro
222 #0 - TÍTULO CLAVE
Título clave REVISTA DE LA EDUCACION SUPERIOR
245 03 - MENCIÓN DE TÍTULO
Título La universidad brasileña
260 ## - PUBLICACIÓN, DISTRIBUCIÓN, ETC.
Lugar de publicación, distribución, etc. México
300 ## - DESCRIPCIÓN FÍSICA
Extensión 48-73
362 0# - FECHAS DE PUBLICACIÓN Y/O DESIGNACIÓN SECUENCIAL
Fecha de publicación y/o designación secuencial 1977 Vol. 6, no. 2(22), abr.-jun.
653 0# - TERMINO DE INDIZACION - NO CONTROLADO
Término no controlado BRASIL
653 0# - TERMINO DE INDIZACION - NO CONTROLADO
Término no controlado EDUCACION SUPERIOR
653 0# - TERMINO DE INDIZACION - NO CONTROLADO
Término no controlado HISTORIA
653 0# - TERMINO DE INDIZACION - NO CONTROLADO
Término no controlado UNIVERSIDADES
700 1# - ASIENTO SECUNDARIO--NOMBRE DE PERSONAL
Nombre de persona Speller, Paulo
Término indicativo de función/relación coaut.
9 (RLIN) 44232
904 ## - ELEMENTOS DE DATOS D LOCAL, LDD (RLIN)
a AC
b 041559
905 ## - TIPO DE MATERIAL
Tipo de material Articulo
942 ## - ELEMENTOS DE PUNTO DE ACCESO ADICIONAL (KOHA)
Fuente del sistema de clasificación o colocación Library of Congress Classification
Tipo de ítem Koha Artículo

No items available.